000 00433nam a2200169Ia 4500
001 15940
003 IN-NITTTR
005 20251114233150.0
008 251113s9999||||xx |||||||||||||| ||eng||
040 _beng
040 _cIN-NITTTR
041 _aeng
082 _a021 F789P
100 _aFoskett, D. J.
245 0 _aPathways for communication :
_b books and libraries in the information age /
_cFoskett, D. J.
942 _2ddc
_cBK
999 _c18574
_d18574